000 00442nam a2200169Ia 4500
008 210210b1983 xxu||||| |||| 00| 0 eng d
082 _a621.381 GOYM
100 _aGOYAL (N C)
245 _aMonograph on electronic design principles. Ed 2.
250 _a
260 _aDelhi.
_bKhanna publishers,
_c1983
300 _axii,658,4
650 _aElectronics Devices
690 _aElectronic
700 _aKHETAN (R K)
906 _aSG0226
999 _c113304
_d113304